1403 1384 1865 1767 1301 1744 1675 1752 1107 1253 1520 1615 1198 1755 1399 1303 1464 1140 1544 1338 1689 1307 1565 1548 1028 1112 1836 1717 1242 1022 1375 1443 1013 1168 1491 1403 1588 1544 1769 1827 1894 1347 1666 1762 1535 1550 1110 1749 1576 1683 1423 1247 1796 1164 1883 1362 1930 1505 1773 1504 1051 1217 1046 1287 1883 1689 1054 1316 1728 1414 1470 1387 1486 1995 1158 1567 1552 1372 1750 1220 1629 1938 1846 1533 1733 1184 1725 1602 1463 1470 1095 1832 1821 1245 1864 1203 1374 1175 1394 BCNSPRNW ULIB Ver.6.0+V

เปลี่ยนเป็นภาษาไทย

Change to English
 แสดงรายละเอียดบรรณานุกรม
  กลับหน้าหลัก

Brief Record : Get Marc (ISO 2709) : E-mail record : QR code < ปิดหน้าต่าง
LEADER : 00000nam 2200000uu 4500
001    13399120996
003     ULIB
008    121030s2552||||th 000 0 tha d
020    9789749557907
099    นว.^bส988ส
100 0  โสภี พรรณราย
245 00 สร้อยสายเพชร^cโสภี พรรณราย
260    กรุงเทพฯ:^bรวมสาน์ส,^c2552
945    ^p0^l0^i028084
999    ^aใช้งานได้ทุกระบบ
รายการนี้ยังไม่มีแท็ก
คุณยังไม่ได้ล็อกอิน คุณสามารถมีกิจกรรมร่วมกับเว็บไซต์ได้ แต่ต้องล็อกอินก่อน ::
  ล็อกอิน

รายการสื่อสารสนเทศ

ลำดับที่ ประเภท เลขเรียก/บาร์โค้ด สถานที่ สถานะ
1. วิทยาศาสตร์การแพทย์ และสุขภาพ
วิทยาศาสตร์การแพทย์ และสุขภาพ
นว. ส988ส  
  Barcode: 028084
ห้องสมุดวิทยาเขตสวรรค์ประชารักษ์
►หนังสือทั่วไป
บนชั้น

รายการใกล้เคียง
    ผู้แต่ง [โสภี พรรณราย]

BibComment


ยังไม่เคยถูกคอมเมนท์

คอมเมนท์ทรัพยากรรายการนี้
  คอมเมนท์: สร้อยสายเพชร โสภี..


 Copyright 2026. Bcnsprnw @Library